000 00622nam a2200229Ia 4500
003 OSt
005 20220923230548.0
006 a|||||r|||| 00| 0
007 ta
008 220922b |||||||| |||| 00| 0 pan d
024 _a283,244
037 _cTextual
040 _aARTS
_cARTS
_bpan
041 _2pan
_apan
082 _aO153,3NSUx, M6
100 _aਸੁਰਿੰਦਰ ਕੌਰ
245 0 _aਰਾਤ ਦੀ ਰਾਤ
260 _c1986
650 _aਪੰਜਾਬੀ ਸਾਹਿਤ
942 _hO153,3NSUx, M6
_cTEXL
_2CC
999 _c385732
_d385732